| 000 | 01358nam a22003737a 4500 | ||
|---|---|---|---|
| 003 | CHAP | ||
| 005 | 20220817041812.0 | ||
| 008 | 971013s1975 r 00010 d | ||
| 010 | _a24942 | ||
| 011 | _a25914 | ||
| 035 | _a30014 | ||
| 040 | _cCHAP | ||
| 082 |
_a080 _bS4 v.202 |
||
| 100 | 0 | 0 |
_aHamon, James L. _952475 |
| 245 | _aPrecursores de la revolución agraria en México; las obras de Wistano Luis Orozco y Andrés Molina Enríquez | ||
| 260 |
_aMéxico, D.F. : _bSecretaría de Educación Pública, _c1975 |
||
| 300 | _a183 p. | ||
| 490 |
_aSEP. Setentas _v; 202 |
||
| 590 |
_aBATCH-UPD _b10 _c20130110 _lUCH01 _h0216 |
||
| 590 |
_aBATCH-UPD _b10 _c20130110 _lUCH01 _h0952 |
||
| 590 |
_aBATCH-UPD _b10 _c20130409 _lUCH01 _h2235 |
||
| 590 |
_aBATCH-UPD _b10 _c20130410 _lUCH01 _h1050 |
||
| 590 |
_aBATCH-UPD _b10 _c20130914 _lUCH01 _h1600 |
||
| 590 |
_aCONVERSION _b10 _c20130109 _lUCH01 _h1314 |
||
| 650 | 1 | 4 |
_aMéxico _xCondiciones rurales. |
| 650 | 1 | 4 |
_aReforma agraria _xHistoria _zMéxico. _995554 |
| 650 | 1 | 4 |
_aTierras _xTenencia _xHistoria. _9113171 |
| 650 | 1 | 4 |
_aTierras _xTenencia _zMéxico. _9113215 |
| 830 | 0 |
_aSEP. Setentas _v; 202 |
|
| 901 | _aBK | ||
| 942 | _cLIBRO | ||
| 949 |
_a080 S4 v.202 _bBC _cLIBRO _d33724000306882 _eLIBRO _h43075 _i30014 _mD _si |
||
| 949 |
_a080 S4 v.202 _bBC _cLIBRO _d33724000840963 _eLIBRO _fc.2 _gDonaciØn _h100933 _i30014 _sb |
||
| 999 |
_c24942 _d24942 |
||